Las actividades laborales y extraescolares de jóvenes de la escuela secundaria en la Argentina de principios del siglo XXI (Record no. 178017)
[ view plain ]
| 000 -CABECERA | |
|---|---|
| campo de control de longitud fija | 01871nab a2200277 a 4500 |
| 005 - FECHA Y HORA DE LA ÚLTIMA TRANSACCIÓN | |
| campo de control | 20210219162528.0 |
| 008 - ELEMENTOS DE LONGITUD FIJA--INFORMACIÓN GENERAL | |
| campo de control de longitud fija | 991125s1985 mx 000 0 spa u |
| 035 ## - NÚMERO DE CONTROL DEL SISTEMA | |
| Número de control de sistema | UPN01000205916 |
| 049 ## - COLECCIÓN | |
| Colección | ART |
| 100 1# - ASIENTO PRINCIPAL--NOMBRE PERSONAL | |
| Nombre de persona | Miranda, Ana |
| 100 1# - ASIENTO PRINCIPAL--NOMBRE PERSONAL | |
| Filiación | amiranda@flacso.org.ar |
| 100 1# - ASIENTO PRINCIPAL--NOMBRE PERSONAL | |
| Nombre de persona | Corica, Agustina |
| 100 1# - ASIENTO PRINCIPAL--NOMBRE PERSONAL | |
| Filiación | acorica@flacso.org.ar |
| 222 #0 - TÍTULO CLAVE | |
| Título clave | PERFILES EDUCATIVOS |
| 245 00 - MENCIÓN DE TÍTULO | |
| Título | Las actividades laborales y extraescolares de jóvenes de la escuela secundaria en la Argentina de principios del siglo XXI |
| 260 ## - PUBLICACIÓN, DISTRIBUCIÓN, ETC. | |
| Lugar de publicación, distribución, etc. | México |
| 300 ## - DESCRIPCIÓN FÍSICA | |
| Extensión | 100-118 |
| 362 0# - FECHAS DE PUBLICACIÓN Y/O DESIGNACIÓN SECUENCIAL | |
| Fecha de publicación y/o designación secuencial | 2015 3a época, volumen 37, número 148 |
| 520 ## - NOTA DE RESUMEN, ETC. | |
| Sumario, etc. | El artículo brinda evidencia de las transiciones entre la educación y el empleo de un segmento particular de la juventud en Argentina: los egresados de la educación secundaria. El análisis se realiza con base en la información producida en el marco del proyecto "La inserción ocupacional de los egresados de la escuela media: 10 años después", un estudio que replica un proyecto anterior desarrollado en 1999. La información en análisis corresponde a periodos caracterizados por situaciones económico-sociales divergentes: el primer proyecto da evidencia de los procesos de inserción ocupacional durante la crisis de principios de 2000 y el segundo da cuenta de estos mismos procesos en un periodo de crecimiento económico y redistribución del ingreso de principios de 2010. Los resultados se presentan de manera comparativa, con la finalidad de aportar al debate sobre las transiciones juveniles en distintos contextos y estrategias económicas |
| 653 0# - TERMINO DE INDIZACION - NO CONTROLADO | |
| Término no controlado | JOVENES |
| 653 0# - TERMINO DE INDIZACION - NO CONTROLADO | |
| Término no controlado | EDUCACION SECUNDARIA |
| 653 0# - TERMINO DE INDIZACION - NO CONTROLADO | |
| Término no controlado | INSERCION LABORAL |
| 653 0# - TERMINO DE INDIZACION - NO CONTROLADO | |
| Término no controlado | TRANSICION EDUCACION-EMPLEO |
| 856 4# - LOCALIZACIÓN Y ACCESO ELECTRÓNICOS | |
| Identificador Uniforme del Recurso | <a href="http://www.scielo.org.mx/scielo.php?script=sci_arttext&pid=S0185-26982015000200007&lng=es&nrm=iso&tlng=es">http://www.scielo.org.mx/scielo.php?script=sci_arttext&pid=S0185-26982015000200007&lng=es&nrm=iso&tlng=es</a> |
| 905 ## - TIPO DE MATERIAL | |
| Tipo de material | Articulo |
No items available.
